Najwięcej punktów/zbiórek/asyst w historii NBA - Statystyki

Ogólne statystyki
  • Ten quiz został rozwiązany 28 razy
  • Średni wynik to 6 z 9
Statystyki odpowiedzi
Zagadnienie Odpowiedź % Poprawnych
Najwięcej punktów - 42184 LeBron James
100%
Najwięcej trafionych rzutów za 3 punkty - 4058 Stephen Curry
100%
Najwięcej asyst - 15806 John Stockton
80%
Najwięcej rozegranych minut - 59040 LeBron James
76%
Najwięcej zbiórek - 23924 Wilt Chamberlain
76%
Najwięcej bloków - 3830 Hakeem Olajuwon
68%
Najwięcej przechwytów - 3265 John Stockton
56%
Najwięcej strat - 5471 LeBron James
48%
Najwięcej trafionych rzutów wolnych - 9787 Karl Malone
40%
Nie znaleziono quizów pasujących do podanych kryteriów
Rozkład punktacji
Procent ludzi z każdym wynikiem
Percentyl według liczby udzielonych odpowiedzi
Twoja historia wyników
Nie rozwiązałeś tego quizu